Central Library OPAC University of Rajshahi

হেকায়াতে সাহাবা বা ইসলামের আদর্শ / (Record no. 85552)

MARC details
000 -LEADER
fixed length control field 00900nam a2200217 a 4500
001 - CONTROL NUMBER
control field 85552
003 - CONTROL NUMBER IDENTIFIER
rucl marc code BD-RjUL
005 - DATE AND TIME OF LATEST TRANSACTION
control field 20250821130435.0
008 - FIXED-LENGTH DATA ELEMENTS--GENERAL INFORMATION
fixed length control field 250821s1963 bg ||||| |||| 00| 0 eng d
035 ## - SYSTEM CONTROL NUMBER
System control number (BD-RjUL)85552
040 ## - CATALOGING SOURCE
Original cataloging agency BD-RjUL
Language of cataloging eng
Transcribing agency BD-RjUL
041 ## - LANGUAGE CODE
Language code of text/sound track or separate title ben
082 ## - DEWEY DECIMAL CLASSIFICATION NUMBER
Edition number 23
Classification number 297.648
Author mark and year JAH 1963
100 ## - MAIN ENTRY--PERSONAL NAME
Personal name যাকারিয়া
9 (RLIN) 16632
245 ## - TITLE STATEMENT
Title হেকায়াতে সাহাবা বা ইসলামের আদর্শ /
Statement of responsibility, etc. মাওলানা যাকারিয়া
260 ## - PUBLICATION, DISTRIBUTION, ETC. (IMPRINT)
Place of publication, distribution, etc. ঢাকা :
Name of publisher, distributor, etc. ইসলামিয়া লাইব্রেরী,
Date of publication, distribution, etc. ১৯৬৩
300 ## - PHYSICAL DESCRIPTION
Pagination ৩৯৮ পৃ.;
Size ১৯ সেমি.
650 ## - SUBJECT ADDED ENTRY--TOPICAL TERM
Topical term or geographic name as entry element খুলাফায়ে রাশেদিন ও সাহাবিদের জীবনী
9 (RLIN) 16633
Topical term or geographic name as entry element Biographies of the Rashidun Caliphs and the Companions
9 (RLIN) 16634
942 ## - ADDED ENTRY ELEMENTS (KOHA)
Source of classification or shelving scheme Dewey Decimal Classification
Koha item type Books
Holdings
Lost status Source of classification or shelving scheme Damaged status Not for loan Collection code Permanent Location Current Location Shelving location Date acquired Source of acquisition Full call number Date last seen Copy number Koha item type
  Dewey Decimal Classification   Not For Loan Non-fiction Central Library, University of Rajshahi Central Library, University of Rajshahi Reading Room 27/02/1967 Farooq Library, Rajshahi B 297.648 JAH 1963 21/08/2025 C-1 Books